| 000 | 00664nam a2200217 a 4500 | ||
|---|---|---|---|
| 005 | 20210223125141.0 | ||
| 008 | 031002s1996 es r 000 0 spa d | ||
| 020 | _a8477382239 | ||
| 035 | _aUPN01000129457 | ||
| 049 | _aCG | ||
| 050 | 4 |
_aZ674.5 E8 _bR6.6 |
|
| 100 | 1 | _aRos García, Juan | |
| 245 | 1 | 0 |
_aPolíticas de información y documentación / _cJuan Ros García, José López Yepes. |
| 260 |
_aMadrid : _bSíntesis, _c1996. |
||
| 300 | _a191 p. | ||
| 440 | 0 |
_aCiencias de la información ; _v3 |
|
| 650 | 4 |
_aPOLITICAS DE INFORMACION _91461 |
|
| 650 | 4 |
_aSISTEMAS DE INFORMACION - _zESPAÑA |
|
| 700 | 1 |
_aLópez Yepes, José, _ecoaut. |
|
| 905 | _aLibro | ||
| 999 |
_c101629 _d101629 |
||